Quizzes
Events
Quiz Creation
Community
Videos
Private Events
Remove Ads
Sign In
Join for FREE
Feedback
Dark Mode
Quiz Categories
Sports
Geography
Music
Movies
Television
Just For Fun
Miscellaneous
History
Literature
Language
Science
Gaming
Entertainment
Religion
Holiday
For Kids
Quiz Lab
Recent
Popular Today
Quiz Kudos Today
Editor Picks
Curator Picks
Quizzes by...
Day
Popularity
Type
Ratings
Length
Year
Community
Subscriptions
Recent Discussions
Orange Saloon
Badges
Playlists
Quests
Create
Leaderboards
Showdown
Live 5
Trivia Bingo
Activity
Puzzle Library
Sporcle Events
Private Events
Virtual Trivia
Globe League
Become a Host
Pub Owners
SporcleCon
Opinionation
Our Games
Videos
Blog
Mobile Apps
Partnerships
Remove Ads and Go Orange
Feedback
History
US Presidents
World Leaders
Politics
Nation
Discovery
War
Decade
Year
Century
Biography
Art
History
US Presidents
World Leaders
Politics
Nation
Discovery
War
Decade
Year
Century
Biography
Art
Random Quiz
Search Sporcle
×
Quiz Lab
Quiz Lab
History
20th Century
Type in answers that appear in a list
Type in answers that appear in a list
Classic
Best Score? Go Orange.
Frank Buckles Life Stats
Can you name the Events of Frank Buckles Life?
By
tedw1ll1ams
12m
56 Questions
10 Plays
10 Plays
10 Plays
Comments
Comments
Give Quiz Kudos
Give Quiz Kudos
-
- Ratings
hide this ad
Replay
Link that replays current quiz
Next Quiz
Link to next quiz in quiz playlist
You Got
0%
They Got
Avg Score
76%
Avg Friend Score
Upgrade to see
Score Distribution
Jump to the score distribution portion of the page
Score
0/56
Timer
12:00
0
Plays Today
Clue
President
% Correct
President
William McKinley
100%
President
George Bush
100%
President
Bill Clinton
100%
President
George W. Bush
100%
President
Barack Obama
100%
Added State
Alaska
100%
Added State
Hawaii
100%
President
Theodore Roosevelt
90%
President
William H. Taft
90%
President
Woodrow Wilson
90%
President
Calvin Coolidge
90%
President
Herbert Hoover
90%
President
John F. Kennedy
90%
President
Franklin D. Roosevelt
90%
President
Dwight D. Eisenhower
90%
President
Harry S Truman
90%
President
Lyndon B. Johnson
90%
President
Richard Nixon
90%
President
Gerald Ford
90%
President
Jimmy Carter
90%
Added State
Arizona
90%
Added State
New Mexico
90%
Added State
Oklahoma
90%
American Wars
World War I
90%
American Wars
World War II
90%
American Wars
Korea
90%
American Wars
Vietnam
90%
American Wars
Persian Gulf
90%
Clue
President
% Correct
American Wars
Afghanistan
90%
American Wars
Iraq
90%
President
Warren G. Harding
80%
Super Bowl Winner
Baltimore Colts
80%
Super Bowl Winner
Indianapolis Colts
80%
Super Bowl Winner
Packers
70%
Super Bowl Winner
Jets
70%
Super Bowl Winner
Cowboys
70%
Super Bowl Winner
Steelers
70%
Super Bowl Winner
49ers
70%
Super Bowl Winner
Bears
70%
Super Bowl Winner
Rams
70%
Super Bowl Winner
Patriots
70%
President
Ronald Reagen
60%
American Wars
Grenada
60%
Super Bowl Winner
Raiders
60%
Super Bowl Winner
LA Raiders
60%
Super Bowl Winner
Giants
60%
Super Bowl Winner
Broncos
60%
Super Bowl Winner
Buccaneers
60%
Super Bowl Winner
Saints
60%
Super Bowl Winner
Dolphins
50%
Super Bowl Winner
Redskins
50%
Super Bowl Winner
Ravens
50%
Super Bowl Winner
Chiefs
40%
American Wars
Somalia
30%
American Wars
Yugoslavia
30%
American Wars
Philippine-American
10%
Quiz Playlist
Details
Report
Send in Message
Add To Playlist
Classic:
Type in answers that appear in a list
Last Updated: Feb 16, 2017
Quiz Scoreboard
CHALLENGE
Sign Up to Join the Scoreboard
Show All
Scores
Hide
Comments
May contain spoilers
Recently Published
1-10 Letter E Words III
by El_Dandy
Language
2m
One Thing in Common: World Cities II
by knightlancer
Geography
7m
Popular People in 1961
by mucciniale
History
6m
More to Explore
Quiz From the Vault
Featured Blog Post
Where Did the Easter Bunny Come From?
hide this ad
You Might Also Like...
Tags
20th Century
Today's Top Quizzes in History
Browse History
hide this ad
Today's Top Quizzes in 20th Century
Browse 20th Century
Top Contributed Quizzes in History
1
Popular People in 1991
2
Popular People in 1981
3
Popular People in 1951
4
Popular People in 1941
5
Popular People in 1986
6
Popular People in 1921
7
Popular People in 1976
8
I Am Born On March 28th
9
Popular People in 1946
10
Popular People in 1936
Explore More
Trending Topics
Anime
Harry Potter
Disney
Marvel
NBA
Crossword
Kpop
Puzzle
The Office
WWE
NFL
Soccer
Country
Pokémon
Song
hide this ad
More By:
tedw1ll1ams
Quiz
Plays
Rating
Category
Featured
Created
Frank Buckles Life
10
2.00
History
May 30, 2011
Go to Creator's Profile
Score Distribution
Quiz Creator Spotlight
tedw1ll1ams
Follow
Send a Message
Quizzes Created
-
Created Quiz Play Count
-
More By This Creator
Popular Quizzes Today
1
Find the US States - No Outlines Minefield
2
Find the Countries of Europe - No Outlines Minefield
3
The Countries of the World
4
Popular People in 1961
5
1-10 Letter E Words III
6
Find the US States
7
One Thing in Common: World Cities II
8
US States
More History Quizzes
Moon Landing Conspiracies
Editor's Pick
Trending Quizzes
Risky Map Clicking: Least Populous States A-Z
1-10 Letter F Words
1-10 Letter G Words
One Thing in Common: United Kingdom
Risky Map Clicking: Biggest States A-Z
Recently Updated
Leaping Animals
pecheneg
Reality TV Shows (A-Z)
bhenderson79
Rickey Henderson's Hall of Fame Teammates
pecheneg
Champions League XIs: Arsenal
pecheneg
Quick Pick: Celebrities in WWE's Hall of Fame
aduchscher
A-Z Keypad Blitz II
pecheneg
Multiple Oscar Actors
pecheneg
Mystery Phrase Blitz: Oscar 'Best Actors'
pecheneg
F. Scott Fitzgerald Novels
LTH
Pick 3 Villains
ddd62291
Trending Topics
Harry Potter
Kpop
NBA
Anime
Crossword
Marvel
Disney
The Office
WWE
Song
NFL
Country
Soccer
Pokémon
Puzzle
Your Account Isn't Verified!
In order to create a playlist on Sporcle, you need to verify the email address you used during registration. Go to your
Sporcle Settings
to finish the process.
Report this User
Report this user for behavior that violates our
Community Guidelines
.
Details:
Send Report
Go to the Sporcle.com Mobile Site →
Comments